000 00878cam a22002654a 4500
001 14365899
005 20180216080635.0
008 060505s2007 nyua b 001 0 eng
010 _a 2006014983
020 _a141801978X (alk. paper)
035 _a(OCoLC)ocm68624082
035 _a(OCoLC)68624082
040 _aDLC
_cDLC
_dYDXCP
_dBAKER
_dVET
_dOCLCQ
_dBTCTA
_dDLC
041 _aeng
042 _apcc
080 _a614.44 KEN
082 0 0 _a614.44 KEN
_222
100 1 _aINF
101 _a8
245 1 0 _aBasic infection control for health care providers /
_cMike Kennamer.
504 _aIncludes bibliographical references and index.
906 _a7
_bcbc
_corignew
_d1
_eecip
_f20
_gy-gencatlg
942 _2ddc
_cBK
999 _c42825
_d42825